| 000 | 00435nam a2200109Ia 4500 | ||
|---|---|---|---|
| 008 | 160909s9999 xx 000 0 und d | ||
| 100 | _aIsdell, Laura | ||
| 245 | _aWork-family balance among mothers who are mid-career student affairs administrators at institutions recognized for work-life policies | ||
| 260 |
_bUniversity of Kansas. _c2016 |
||
| 650 | _aACCOUNTANCY | ||
| 856 | _uhttp://pqdtopen.proquest.com/doc/1800285907.html?FMT=ABS | ||
| 999 |
_c304506 _d304506 |
||